Signal processing and linear systems (Record no. 1319)

000 -LEADER
fixed length control field 00543nam a2200205 a 4500
001 - CONTROL NUMBER
control field 1319
003 - CONTROL NUMBER IDENTIFIER
control field BD-DhUET
008 - FIXED-LENGTH DATA ELEMENTS--GENERAL INFORMATION
fixed length control field 980109s1998 caua b 001 0 eng
020 ## - INTERNATIONAL STANDARD BOOK NUMBER
International Standard Book Number 0941413357
040 ## - CATALOGING SOURCE
Original cataloging agency DLC
Transcribing agency DLC
Modifying agency BD-DhUET
082 00 - DEWEY DECIMAL CLASSIFICATION NUMBER
Classification number 623.22
Item number LAT/1998
100 ## - MAIN ENTRY--PERSONAL NAME
Personal name Lathi B. P.
245 10 - TITLE STATEMENT
Title Signal processing and linear systems
250 ## - EDITION STATEMENT
Edition statement 1st ed
260 ## - PUBLICATION, DISTRIBUTION, ETC. (IMPRINT)
Place of publication, distribution, etc. New York
Name of publisher, distributor, etc. Oxford University Press
Date of publication, distribution, etc. 1998
300 ## - PHYSICAL DESCRIPTION
Extent x, 850 p.
Other physical details ill.
Dimensions 24 cm.
504 ## - BIBLIOGRAPHY, ETC. NOTE
Bibliography, etc Includes bibliographies
650 #0 - SUBJECT ADDED ENTRY--TOPICAL TERM
Topical term or geographic name as entry element Digital signal processing
942 ## - ADDED ENTRY ELEMENTS (KOHA)
Koha item type General Book
Holdings
Copy number Location (home branch) Shelving location Koha date last seen Withdrawn status Piece designation (barcode) Sublocation or collection (holding branch) Lost status Koha normalized classification for sorting Koha issues (times borrowed) Damaged status Not for loan Koha date last borrowed Price effective from Source of classification or shelving scheme Date acquired Koha full call number Koha item type Koha renewals
1Central Library, BUETCirculation section2019-09-14 103856Central Library, BUET 623_000000000000000_22LAT1998    2014-09-03 2014-09-03623.22/LAT/1998General Book2
2Central Library, BUETCirculation section2014-09-03 103857Central Library, BUET 623_000000000000000_22LAT1998    2014-09-03 2014-09-03623.22/LAT/1998General Book 
3Central Library, BUETCirculation section2017-08-19 103859Central Library, BUET 623_220000000000000_LAT_19981  2015-06-132014-09-03 2014-09-03623.22/LAT/1998General Book 
4Central Library, BUETCirculation section2017-01-08 103860Central Library, BUET 623_000000000000000_22LAT19981  2015-10-202014-09-03 2014-09-03623.22/LAT/1998General Book 
5Central Library, BUETCirculation section2017-04-11 103863Central Library, BUET 623_000000000000000_22LAT19981  2015-05-252014-09-03 2014-09-03623.22/LAT/1998General Book 
6Central Library, BUETCirculation section2017-06-13 103864Central Library, BUET 623_000000000000000_22LAT19981  2015-05-252014-09-03 2014-09-03623.22/LAT/1998General Book 
7Central Library, BUETCirculation section2017-08-20 103865Central Library, BUET 623_000000000000000_22LAT1998    2014-09-03 2014-09-03623.22/LAT/1998General Book 
8Central Library, BUETCirculation section2017-10-10 103858Central Library, BUET 623_000000000000000_22LAT1998    2014-11-18 2014-11-18623.22/LAT/1998General Book 
9Central Library, BUETCirculation section2017-05-31 103861Central Library, BUET 623_220000000000000_LAT19981  2017-04-182014-12-02 2014-12-02623.22 LAT/1998General Book 
10Central Library, BUETCirculation section2017-02-06 100035Central Library, BUET 623_220000000000000_LAT_1998    2015-06-03 2015-06-03623.22/LAT/1998General Book2
11Central Library, BUETCirculation section2025-09-17 103862Central Library, BUET 623_220000000000000_LAT_19982  2025-09-072017-10-31 2007-05-28623.22/LAT/1998General Book